Znižovanie koncentrácií biogénnych amínov vo fermentovaných produktoch : Obh. 13.6.1995 /

Gespeichert in:
Bibliographische Detailangaben
1. Verfasser: Grébeczová, Angela (Verfasst von)
Format: Manuskript Buch
Sprache:Slowakisch
Veröffentlicht: Bratislava : STU v Bratislave ChtF, 1995
Tags: Tag hinzufügen
Keine Tags, Fügen Sie das erste Tag hinzu!

MARC

LEADER 00000ntm a22000003a 4500
001 stu23421
005 20150617225747.5
008 950629s1995----xo------------------slo-d
040 |a STU  |b slo 
041 0 |a slo 
044 |a xo 
100 1 |a Grébeczová, Angela  |4 aut 
245 1 |a Znižovanie koncentrácií biogénnych amínov vo fermentovaných produktoch :  |b Obh. 13.6.1995 /  |c [aut.]Grébeczová,Angela 
260 |a Bratislava :  |b STU v Bratislave ChtF,  |c 1995 
300 |a 56 s :  |b Tab.,grafy,lit 
500 |a Špec.: Konzervácia potravín a technológia mäsa 
996 |b CD12010  |c C*D12010  |l CCI  |s A  |a 24  |w stu23421_0001